000 00367nam a2200157Ia 4500
003 Ost
005 20260225132558.0
008 260225s9999||||xx |||||||||||||| ||und||
040 _cfsic
041 _afre
082 _a959.704
100 _aAhmed Mahsas
_eAuteur
245 0 _ale mouvement revolutionnaire en algerie /
245 0 _cAhmed Mahsas
942 _cكتاب
999 _c34599
_d34599